000 00828nam a2200301 a 4500
003 AR-BaBNM
005 20251128203431.0
008 082120s2002 ||||||||||||||000 | spa||
040 _cAR-BaBNM
100 1 _aMarotta, Sebastián
245 0 0 _aEl movimiento sindical argentino
_bsu génesis y desarrollo [Período : 1920-1935]. 3
260 _aBuenos Aires
_bLacio
_c1970
300 _a439 p.
650 4 _aSINDICALISMO
650 4 _aSINDICATOS
650 4 _aHISTORIA DEL TRABAJO
650 4 _aHISTORIA SINDICAL
650 4 _aHISTORIA SOCIAL
650 4 _aHISTORIA DE LAS COSTUMBRES
650 4 _aMOVIMIENTO OBRERO
650 4 _aPRESIDENCIAS ARGENTINAS
650 4 _aHISTORIA ECONOMICA
650 4 _aSEMANA TRAGICA
650 4 _aPATAGONIA TRAGICA
651 4 _aArgentina
942 _cBK
998 _cmariana
999 _c3371
_d3371